00580nam a22001937a 4500999001900000005001700019010001500036020002500051035001400076037001300090082000800103100003000111245005900141260003800200270007000238300002600308700002700334942002500361 c188416d18841620220520160317.0 aENG-132761 a9789380695266c60.00 aEN-116293 bDBAD/PUB 2215 aTirtha, Swami Bhoomananda aWorshipping The Lord Within/cSwami Bhoomananda Tirtha aNew DelhibAditya Prakashanc2012 a2/18, Ansari RoadbNew Delhie110002mcontact@adityaprakashan.com axii, 307p.c22cm(hbk) aMukhopadhyaya, Satkari 2ddccENh250.52mTHE